Direito Penal. Parte Geral. Provas & Concursos

Bibliographic Details
Main Author: Reis dos Santos Petrosino, Marli Emilia
Format: Book
Language:Portuguese
Published: Brasil Pillares 2008
Subjects:
Online Access:Acceso restringido

MARC

LEADER 00000nam a22000007a 4500
005 2016041306226.0
007 cr|||| ||u|
008 160413s2008 bl ||||| |||| 00||0 por d
020 |a 978-85-89919-51-7 
035 |a 14127 
040 |a vLex  
090 |c 5995  |d 5995 
100 1 |a Reis dos Santos Petrosino, Marli Emilia  
245 1 0 |a Direito Penal. Parte Geral. Provas & Concursos  |h [Recurso electrn̤ico] /  |c Marli Emilia Reis dos Santos Petrosino  
256 |a Servicio en ln̕ea  
260 |a Brasil   |b Pillares  |c 2008 
300 |a 1 recurso electrn̤ico  
506 1 |a Contenido solo disponible en los productos indicados  |d vLex Global  |d vLex Global (Academic Edition, excluding Law Schools)  |d vLex Global (U.S. Academic Edition, Law Schools)  |d vLex Global (U.S. Academic Edition, excluding Law Schools)  |d vLex Global (Academic Edition, Law Schools) 
650 0 4 |a Derecho penal   |z Brasil  
740 0 |a vLex libros (servicio en ln̕ea)  
856 4 0 |u http://vlex.com/source/direito-penal-14127  |z Acceso restringido  
942 |c BOOK 
999 0 |a Criminal Law   |b Brasil